Propuesta para mitigar el impacto ambiental y por medio de la aplicación de Producción más Limpia en la Planta Generadora Eléctrica Ernesto Che Guevara localizada en Masaya durante el periodo 2009 - 2010

Presenta una propuesta de disminución del impacto ambiental por medio de la aplicación de Producción más Limpia en la planta Ernesto Che Guevara localizada en la ciudad de Masaya durante el periodo 2009 - 2010. La propuesta pretende optimizar el proceso, reducir la cadena de desperdicios dramát...

Full description

Bibliographic Details
Main Author: Cabral García, Yesika Emily
Other Authors: Tutor: Lacayo, Mauricio
Format: Tesis Section = Libro
Language:Undetermined
Spanish
Published: Managua UNI 2010
Subjects:
LEADER 01365nam a2200241Ia 4500
008 240830s9999 xx 000 0 und d
040 |a BIBLIOTECA-RUSB/ M.Mon 363.7285 C117 
041 |a spa 
082 |a M.Mon 363.7285 C117 
100 1 |a Cabral García, Yesika Emily 
245 1 0 |a Propuesta para mitigar el impacto ambiental y por medio de la aplicación de Producción más Limpia en la Planta Generadora Eléctrica Ernesto Che Guevara localizada en Masaya durante el periodo 2009 - 2010 
260 |a Managua  |b UNI  |c 2010 
300 |a 93 p. :il. 
500 |a Incluye anexos 
502 |a Tesis (Máster en Producción más Limpia) - UNI, 2010. 
520 3 |a Presenta una propuesta de disminución del impacto ambiental por medio de la aplicación de Producción más Limpia en la planta Ernesto Che Guevara localizada en la ciudad de Masaya durante el periodo 2009 - 2010. La propuesta pretende optimizar el proceso, reducir la cadena de desperdicios dramáticamente, crear sistemas de producción más limpia, mejorar la calidad de trabajo y de los trabajadores así como generar cultura organizacional. 
650 7 |a DESECHOS SÓLIDOS 
650 7 |b  RESIDUOS INDUSTRIALES 
650 7 |c  GENERADORA ELÉCTRICA - IMPACTO AMBIENTAL - RESIDUOS SÓLIDOS 
700 1 |a Tutor:  |b Lacayo, Mauricio 
942 |c BK  |2 ddc 
991 |a TESIS 
999 |c 19258